000 00744nam a22001577a 4500
005 20260701161027.0
020 _a9781529375992
082 _a006.3KIS
245 _aThe age of AI
_band our human future
260 _aNew York
_bBack Bay Books
_c2022
300 _a266p. ; 21 cm
504 _aIncludes bibliographical references (pages 241-251) and index
520 _aGenerative AI is filling the internet with false information. Artists, writers, and many other professionals are in fear of their jobs. AI is discovering new medicines, running military drones, and transforming the world around us—yet we do not understand the decisions it makes, and we don’t know how to control them.
650 _aArtificial intelligence
942 _cBK
999 _c11545
_d11545